|
|
|
|
| LEADER |
00000nas a2200000 a 4500 |
| 001 |
ssj0012526 |
| 003 |
WaSeSS |
| 005 |
20200512172242.0 |
| 006 |
m d |
| 007 |
cr n |
| 008 |
980311c19679999miuqr p s 0 a0eng c |
| 010 |
|
|
|a 2007215110
|
| 016 |
7 |
|
|a 2066162-9
|2 DE-600
|
| 022 |
|
|
|a 1936-1637
|l 0010-4078
|y 0010-4078
|
| 035 |
|
|
|a (WaSeSS)ssj0012526
|
| 037 |
|
|
|b Comparative Drama, Dept. of English, 1903 W. Michigan Ave., Western Michigan University Kalamazoo, MI 49008-5331
|
| 040 |
|
|
|a FGA
|b eng
|c FGA
|d OCL
|d OCLCQ
|d NSD
|d BUF
|d DLC
|d CFI
|d OCLCQ
|d CUI
|d EYM
|d OCLCQ
|d OCLCO
|d BUF
|d OCLCF
|d OCLCO
|d OCLCQ
|d OCLCA
|d WT2
|d OCLCQ
|d AU@
|d VT2
|d OCLCQ
|d WaSeSS
|
| 042 |
|
|
|a pcc
|a nsdp
|
| 050 |
0 |
4 |
|a PN1601
|b .C7
|
| 082 |
1 |
0 |
|a 809.2
|2 14
|
| 130 |
0 |
|
|a Comparative drama (Online)
|
| 222 |
|
0 |
|a Comparative drama
|b (Online)
|
| 245 |
1 |
0 |
|a Comparative drama
|h [electronic resource].
|
| 260 |
|
|
|a Kalamazoo, Mich. :
|b Western Michigan University, Dept. of English,
|c ©1967-
|
| 310 |
|
|
|a Quarterly
|
| 362 |
0 |
|
|a Vol. 1, no. 1 (spring 1967)-
|
| 500 |
|
|
|a Title from PDF cover (JSTOR, viewed June 15, 2012).
|
| 506 |
|
|
|a License restrictions may limit access.
|
| 538 |
|
|
|a Mode of access: World Wide Web.
|
| 588 |
1 |
|
|a Vol. 41, issue 4 (winter 2007-8) (Project Muse, viewed Feb. 11, 2008).
|
| 650 |
|
0 |
|a Drama
|v Periodicals.
|
| 650 |
|
7 |
|a Drama.
|2 fast
|0 (OCoLC)fst00897468
|
| 655 |
|
0 |
|a Electronic journals.
|
| 710 |
2 |
|
|a Western Michigan University.
|b Department of English.
|
| 776 |
0 |
8 |
|i Print version:
|t Comparative drama
|x 0010-4078
|w (DLC) 79006098
|w (OCoLC)1564550
|
| 856 |
4 |
0 |
|z Full text available from Research Library: 04/01/1994 to present
|u https://search.proquest.com/publication/37208
|